Dynamic Manufacturing Creating the Learning Organization

Guardado en:
Detalles Bibliográficos
Autor principal: Hayes, Robert H.
Otros Autores: Wheelwright, Steven C., Clark, Kim B.
Formato: Libro
Lenguaje:inglés
Publicado: New York Free Press 1988
Edición:1. ed.
Etiquetas: Agregar Etiqueta
Sin Etiquetas, Sea el primero en etiquetar este registro!

MARC

LEADER 00000nam a2200000 4500
001 c024055
005 20221219115722.1
041 0 |a eng 
044 |a US 
245 1 0 |a Dynamic Manufacturing  |b Creating the Learning Organization  |c Robert H. Hayes, Steven C. Wheelwright, Kim B. Clark 
250 |a 1. ed. 
264 1 |a New York  |b Free Press  |c 1988 
300 |a 429 s. 
100 1 |a Hayes, Robert H. 
700 1 |a Wheelwright, Steven C. 
700 1 |a Clark, Kim B.